| 000 | 01022cab a2200313 4500 | ||
|---|---|---|---|
| 001 | WB3003-28 | ||
| 008 | 090401t1994 xxu||||| |||| 00| 0 eng d | ||
| 035 | _a(Sirsi) u53382 | ||
| 041 | _aeng | ||
| 245 | _aSolicitors opposed by new institute | ||
| 260 | _c1994 | ||
| 350 | _a0 | ||
| 490 |
_aDaily Telegraph _v17 January 1994, 21(1) |
||
| 520 | _aThe Institute of Commercial Litigators, which has been set up by five firms of construction consultants, has provoked criticism from solicitors fearing competition in the construction litigation market. | ||
| 650 | _aBEARD DOVE | ||
| 650 | _aBUCKNALL AUSTIN | ||
| 650 | _aCOMPETITION | ||
| 650 | _aCONSTRUCTION CONSULTANTS | ||
| 650 | _aCONSTRUCTION DISPUTES | ||
| 650 | _aCYRIL SWEETT AND PARTNERS | ||
| 650 | _aINSTITUTE OF COMMERCIAL LITIGATORS | ||
| 650 | _aJAMES R KNOWLES | ||
| 650 | _aSOLICITORS | ||
| 650 | _aTWEEDS | ||
| 690 | _aLAW | ||
| 690 | _aMANAGEMENT-BUSINESS MANAGEMENT-PROFESSIONAL PRACTICE | ||
| 942 | _n0 | ||
| 948 | _c04/03/1997 | ||
| 999 |
_c32909 _d32909 |
||